| 000 | 00419nam a22001217a 4500 | ||
|---|---|---|---|
| 082 | _a220 PRO | ||
| 100 |
_aNS SYED ALI RAZA NS ZIA UL ISLAM NS M.HAMZA SAEED NS MUHAMMAD MIRZA _971036 |
||
| 245 | _aPR-SOF-1598-VARIABLE DATA RATE VIDEO STREAMING | ||
| 260 |
_aISLAMABAD _bNUST COLLEGE OF EME _c2016 |
||
| 650 |
_a DE-ELECT-34 _971037 |
||
| 700 |
_aSUPERVISORS DR SYED TAHIR ZAIDI DR QAISER CHAUDHRY _971038 |
||
| 942 | _cCR | ||
| 999 |
_c577771 _d577771 |
||